Derivasi kata kerja mu'tal dalam bahasa Arab /
Saved in:
| Main Author: | |
|---|---|
| Format: | Thesis Book |
| Language: | English |
| Published: |
2003.
|
| Subjects: | |
| Online Access: | http://studentsrepo.um.edu.my/id/eprint/403 |
| Tags: |
Add Tag
No Tags, Be the first to tag this record!
|
| LEADER | 01095cam a2200277 a 4500 | ||
|---|---|---|---|
| 001 | u520711 | ||
| 003 | SIRSI | ||
| 008 | 930723s2003 my t 00 11 eng m | ||
| 035 | |a ADA-4912 | ||
| 040 | |a UMM |d UMB | ||
| 041 | 1 | |a mayara | |
| 090 | |a PB12 |b UM 2003 Mohzal | ||
| 093 | |a PB12 |b UM 2003 Mohzal | ||
| 100 | 0 | 0 | |a Mohd Zaki Abdul Latiff |
| 245 | 1 | 0 | |a Derivasi kata kerja mu'tal dalam bahasa Arab / |c Mohd Zaki bin Abdul Latiff. |
| 260 | |c 2003. | ||
| 300 | |a xi, 162 leaves : |b ill. ; |c 30 cm. | ||
| 502 | |a Dissertation (M.M.L.S.) -- Fakulti Bahasa dan Linguistik, Universiti Malaya, 2003. | ||
| 504 | |a Bibliography : leaves 157-159. | ||
| 650 | 0 | |a Arabic language |x Verb | |
| 710 | 2 | 0 | |a Universiti Malaya. |b Fakulti Bahasa dan Linguistik. |
| 856 | 4 | 1 | |u http://studentsrepo.um.edu.my/id/eprint/403 |
| 948 | |a 09/03/2004 |b 27/08/2004 | ||
| 596 | |a 1 6 | ||
| 999 | |a PB12 UM 2003 MOHZAL |w LC |c 1 |i A511250345 |d 15/5/2017 |e 15/5/2017 |l STACKS |m P06BAHASA |n 3 |r Y |s Y |t TESIS |u 25/6/2004 | ||
| 999 | |a PB12 UM 2003 MOHZAL |w LC |c 1 |i A511140982 |d 18/2/2014 |e 18/2/2014 |f 12/4/2005 |g 1 |l STACKS |m P01UTAMA |n 4 |r Y |s Y |t TESIS |u 1/4/2005 | ||
